Statistics for Cities by Initials

Click here to take the quiz!

General Stats

  • This quiz has been taken 22,466 times
  • The average score is 12 of 22

Answer Stats

InitialsCity% Correct
NYNew York
97%
LALos Angeles
91%
SFSan Francisco
90%
SJSan Jose
81%
HKHong Kong
80%
SDSan Diego
80%
LVLas Vegas
79%
NONew Orleans
77%
KLKuala Lumpur
73%
AAAddis Ababa
60%
SPSão Paulo
56%
SJSan Juan
54%
BABuenos Aires
51%
ADAbu Dhabi
45%
SDSanto Domingo
41%
CTCape Town
35%
DeSDar es Salaam
30%
PPPhnom Penh
26%
EPEl Paso
25%
TATel Aviv
21%
BHBelo Horizonte
19%
PCPanama City
19%

Score Distribution

Percentile by Number Answered

Percent of People with Each Score

Your Score History

You have not taken this quiz